Statistiques concernant Vainqueur de l'ATP de Eastbourne

Cliquez ici pour prendre le quiz!

Statistiques générales

  • Ce quiz a été pris 3 fois
  • Le résultat moyen est 6 sur 12

Statistiques - réponses

AnnéeVainqueur% Correct
2013Lopez
100%
2014Lopez
100%
2017Djokovic
67%
2010Llodra
67%
2023Cerundolo
33%
2021De Minaur
33%
2019Fritz
33%
2022Fritz
33%
2012Roddick
33%
2011Seppi
33%
2018Zverev
33%
2009Tursunov
0%

Distribution des résultats

Percentile par nombre de réponses

% des personnes avec chaque résultat

Votre développement - résultats

Vous n’avez pas pris ce quiz